Greater London authority bill (HC) 2006-2007 (Record no. 106260)

MARC details
000 -LEADER
fixed length control field 01108cam a2200229 4500
001 - CONTROL NUMBER
control field L135968
008 - FIXED-LENGTH DATA ELEMENTS--GENERAL INFORMATION
fixed length control field 061220n2006 000 0 eng u
035 ## - SYSTEM CONTROL NUMBER
System control number (Sirsi) u135968
041 0# - LANGUAGE CODE
Language code of text/sound track or separate title eng
110 1# - MAIN ENTRY--CORPORATE NAME
Corporate name or jurisdiction name as entry element United Kingdom
Subordinate unit Parliament
-- House of Commons
9 (RLIN) 2119
245 00 - TITLE STATEMENT
Title Greater London authority bill (HC) 2006-2007
260 ## - PUBLICATION, DISTRIBUTION, ETC.
Place of publication, distribution, etc. London
Name of publisher, distributor, etc. UK Parliament
Date of publication, distribution, etc. 2006
520 ## - SUMMARY, ETC.
Summary, etc. The Bill covers: general functions of the authority; transport; the London Development Agency; health; the London Fire and Emergency Planning authority; housing; planning; environmental functions; culture, media and sport.
590 ## - LOCAL NOTE (RLIN)
Local note KA
650 24 - SUBJECT ADDED ENTRY--TOPICAL TERM
Topical term or geographic name entry element GREATER LONDON AUTHORITY BILL (HC) 2006
651 #4 - SUBJECT ADDED ENTRY--GEOGRAPHIC NAME
Geographic name England and Wales
Chronological subdivision 1543-
651 #4 - SUBJECT ADDED ENTRY--GEOGRAPHIC NAME
Geographic name GREATER LONDON
690 ## - LOCAL SUBJECT ADDED ENTRY--TOPICAL TERM (OCLC, RLIN)
Topical term or geographic name as entry element ENVIRONMENTAL AND LAND CONSULTANCY-PLANNING AND DEVELOPMENT-STRATEGIC PLANNING
710 1# - ADDED ENTRY--CORPORATE NAME
Corporate name or jurisdiction name as entry element United Kingdom
Subordinate unit Department for Communities and Local Government
9 (RLIN) 4939
856 40 - ELECTRONIC LOCATION AND ACCESS
Uniform Resource Identifier <a href="https://www.publications.parliament.uk/pa/pabills/200607/greater_london_authority.htm">https://www.publications.parliament.uk/pa/pabills/200607/greater_london_authority.htm</a>
Public note View the Bill free of charge at www.publications.parliament.uk...
942 ## - ADDED ENTRY ELEMENTS (KOHA)
Suppress in OPAC 0
Holdings
Withdrawn status Lost status Source of classification or shelving scheme Damaged status Not for loan Home library Current library Shelving location Date acquired Total Checkouts Full call number Barcode Date last seen Copy number Price effective from Koha item type
    Dewey Decimal Classification     Virtual Virtual Online 20/12/2006   ONLINE PUBLICATION 135968-2001 06/08/2019 1 06/08/2019 Book